Nadie quiere jugar conmigo (Registro nro. 18920)

Detalles MARC
000 -CABECERA
Longitud fija campo de control 00567nam a2200205 a 4500
001 - NÚMERO DE CONTROL
Número de control ES-MaREB00005610-2
003 - IDENTIFICADOR DELl NÚMERO DE CONTROL
Identificador del número de control OSt
005 - FECHA Y HORA DE LA ÚLTIMA TRANSACCIÓN
Fecha y hora de la última transacción 20150224153324.0
008 - CÓDIGOS DE INFORMACIÓN DE LONGITUD FIJA
Códigos de información de longitud fija 020226s1997 espa j 000 1 spa d
020 ## - NÚMERO INTERNACIONAL NORMALIZADO PARA LIBROS
Número Internacional Normalizado para Libros (ISBN) 84-348-5244-6
040 ## - FUENTE DE LA CATALOGACIÓN
Centro transcriptor BMC
082 ## - NÚMERO DE LA CLASIFICACIÓN DECIMAL DEWEY
Númeroo de clasificación 808.068083
100 1# - PUNTO DE ACCESO PRINCIPAL-NOMBRE DE PERSONA
Nombre de persona Keselman, Gabriela.
245 10 - MENCIÓN DE TÍTULO
Título Nadie quiere jugar conmigo
Mención de responsabilidad, etc. Gabriela Keselman
260 ## - PUBLICACIÓN, DISTRIBUCIÓN, ETC. (PIE DE IMPRENTA)
Lugar de publicación, distribución, etc. Madrid
Nombre del editor, distribuidor, etc. SM
Fecha de publicación, distribución, etc. D.L. 1999
300 ## - DESCRIPCIÓN FÍSICA
Extensión 59 p.
Otras características físicas il. col.
Dimensiones 19 cm
490 0# - MENCIÓN DE SERIE
Mención de serie El barco de vapor. Serie blanca
Designación de volumen o secuencia 67
650 24 - PUNTO DE ACCESO ADICIONAL DE MATERIA - TÉRMINO DE MATERIA
9 (RLIN) 29811
Término de materia o nombre geográfico como elemento inicial Cuentos infantiles
942 ## - ENTRADA DE ELEMENTOS AGREGADOS (KOHA)
Fuente de clasificaión o esquema Dewey Decimal Classification
Koha [por defecto] tipo de item 1- Monografias
Parte de clasificación ahoj
Existencias
Suprimido Perdido Fuente de clasificación o esquema Estropeado Restricciones de uso No para préstamo Código de colección Localización permanente Localización actual Localización en estanter&íacute;as Fecha adquisición Fuente de adquisición Número de inventario Préstamos totales Signatura completa Código de barras Fecha última consulta Coste, precio reemplazado Fecha del precio de reemplazo Tipo de item de Koha
NULL NULL Dewey Decimal Classification NULL Prestable NULL NULL Biblioteca Miguel de Cervantes - UNICAES Biblioteca Miguel de Cervantes - UNICAES Sala Principal 20/10/2006 Donación - Hnas Concepcionistas 028624   C KES nad 1029034 27/02/2015 5.00 27/02/2015 1- Monografias